Password: Bibbia giovane (Record n. 337979)
[ formato base ]
| 000 -LEADER | |
|---|---|
| fixed length control field | 01116nam a2200253Ia 4500 |
| 001 - CONTROL NUMBER | |
| control field | 220.66-PAS bi gi (15028) |
| 003 - CONTROL NUMBER IDENTIFIER | |
| control field | IT-MiSPE |
| 008 - FIXED-LENGTH DATA ELEMENTS--GENERAL INFORMATION | |
| fixed length control field | 171229s9999||||xx |||||||||||||| ||und|| |
| 040 ## - CATALOGING SOURCE | |
| Original cataloging agency | IT-MiSPE |
| Transcribing agency | IT-MiSPE |
| 041 ## - LANGUAGE CODE | |
| Language code of text/sound track or separate title | ITALIANO |
| 999 ## - SYSTEM CONTROL NUMBERS (KOHA) | |
| Koha Dewey Subclass [OBSOLETE] | NO |
| 100 ## - MAIN ENTRY--PERSONAL NAME | |
| Personal name | Giacomo Perego |
| 245 #0 - TITLE STATEMENT | |
| Title | Password: Bibbia giovane |
| Remainder of title | NT: I. Vangeli e atti degli Apostoli |
| 250 ## - EDITION STATEMENT | |
| Edition statement | 1a ed. (v) |
| 260 ## - PUBLICATION, DISTRIBUTION, ETC. (IMPRINT) | |
| Place of publication, distribution, etc. | Cinisello B.mo |
| Name of publisher, distributor, etc. | San Paolo |
| Date of publication, distribution, etc. | 2003 |
| 300 ## - PHYSICAL DESCRIPTION | |
| Extent | 416 p. |
| Dimensions | 20 cm |
| 501 ## - WITH NOTE | |
| With note | Edizioni San Paolo srl - Piazza Soncino, 5 - 20092 CINISELLO BALSAMO (MI) (non commercial uses only) ® Copyright 2018 |
| 520 ## - SUMMARY, ETC. | |
| Summary, etc. | Altri autori: Tosca Ferrante. Ill., cart. geo. |
| 650 ## - SUBJECT ADDED ENTRY--TOPICAL TERM | |
| Topical term or geographic name as entry element | BIBBIA |
| 700 ## - ADDED ENTRY--PERSONAL NAME | |
| Personal name | Anna Maria Pudelko |
| 700 ## - ADDED ENTRY--PERSONAL NAME | |
| Personal name | Eustacchio Imperato |
| 942 ## - ADDED ENTRY ELEMENTS (KOHA) | |
| Koha item type | LIBRO |
| 957 ## - | |
| -- | 1 |
| 999 ## - SYSTEM CONTROL NUMBERS (KOHA) | |
| -- | Copie: 1 |
| Withdrawn status | Lost status | Damaged status | Not for loan | Home library | Current library | Date acquired | Total Checkouts | Full call number | Date last seen | Price effective from | Koha item type | Public note |
|---|---|---|---|---|---|---|---|---|---|---|---|---|
| Buone Condizioni | Not For Loan | CINISELLO | CINISELLO | 30/12/2017 | 220.66-PAS bi gi (15028) | 30/12/2017 | 30/12/2017 | LIBRO | (data import: 20 dicembre 2017) - By Epidotti, Vaglietti. |